Normal view
MARC view
- Scroggie, Marcus Graham
Entry Personal Name
001 - CONTROL NUMBER
- control field: 106499
003 - CONTROL NUMBER IDENTIFIER
- control field: NUST
005 - DATE AND TIME OF LATEST TRANSACTION
- control field: 20221230150448.0
008 - FIXED-LENGTH DATA ELEMENTS
- fixed length control field: 221230|| aca||aabn | a|a d
040 ## - CATALOGING SOURCE
- Original cataloging agency: NUST
- Transcribing agency: NUST
100 ## - HEADING--PERSONAL NAME
- Personal name: Scroggie, Marcus Graham
670 ## - SOURCE DATA FOUND
- Source citation: Work cat.: (NUST)183710: Scroggie, Marcus Graham, Foundations of wireless /, 1951.
